• 首页
  • 本馆介绍
  • 公告通知
  • 最新文献
  • 馆藏检索
  • 电子资源
  • 读者导购
  • 参考咨询
  • 我的图书馆
  • 登录
  • 详细信息显示
  • 放入我的书架
  • 预约/预借图书
  • 作者相关作品
  • 分类相关作品
  • 丛书相关作品
  • 出版社相关作品

书目信息

  • 表格格式
  • 工作单格式
  • 卡片格式
题名:
她来自马里乌波尔
    
 
作者: 沃丁 著 ;祁沁雯 译
分册:  
出版信息: 北京   新星出版社  2021
页数: 306页
开本: 21cm
丛书名:
单 册:
中图分类: I516.55
科图分类:
主题词: 纪实文学--德国--现代
电子资源:
ISBN: 978-7-5133-4298-8
000 00902nam0 2200253 450
001 2257944215
005 20220921160606.61
010    @a978-7-5133-4298-8@b精装@dCNY58.00
100    @a20210430d2021 em y0chiy50 ea
101 1  @achi@cger
102    @aCN@b110000
105    @aa z 000zd
200 1  @a她来自马里乌波尔@9ta lai zi ma li wu bo er@dSie kam aus Mariupol@f(德)娜塔莎·沃丁(Natascha Wodin)著@g(德)祁沁雯译@zger
210    @a北京@c新星出版社@d2021
215    @a306页@c照片@d21cm
300    @a娜塔莎·沃丁作品系列
330    @a本书是一个关于寻找的故事——一个从出生开始便无根无源的人,一个家族的世纪流离与辗转。
510 1  @aSie kam aus Mariupol@zger
606 0  @a纪实文学@y德国@z现代
690    @aI516.55@v5
701  0 @c(德)@a沃丁@9wo ding@c(女,Wodin, Natascha@f1945-)@4著
702  0 @c(德)@a祁沁雯@9qi qin wen@4译
801  0 @aCN@b91MARC@c20210506
905    @aZUCC@dI516.55@e6
    
    她来自马里乌波尔=Sie kam aus Mariupol/(德)娜塔莎·沃丁(Natascha Wodin)著/(德)祁沁雯译.-北京:新星出版社,2021
    306页:照片;21cm
    娜塔莎·沃丁作品系列
    
    ISBN 978-7-5133-4298-8(精装):CNY58.00
    本书是一个关于寻找的故事——一个从出生开始便无根无源的人,一个家族的世纪流离与辗转。
●
相关链接 在五车中查询图书 在当当中查询图书 在豆瓣中查询图书


正题名:她来自马里乌波尔     索取号:I516.55/6         预约/预借

序号 登录号 条形码 馆藏地/架位号 状态 备注
1 2000900770   2000900770   第一书库/ [索取号:I516.55/6] 在馆    
2 2000900771   2000900771   第一书库/ [索取号:I516.55/6] 在馆    
3 2000900772   2000900772   第一书库/ [索取号:I516.55/6] 在馆    
山东省滨州职业学院图书馆 欢迎您!
大连网信软件有限公司© 版权所有